<?xml version="1.0" encoding="UTF-8"?>
<collection xmlns="http://www.loc.gov/MARC21/slim">
 <record>
  <leader>00410pamaa2200133   4500</leader>
  <controlfield tag="001">0000049333</controlfield>
  <controlfield tag="005">20110718090000.0</controlfield>
  <controlfield tag="008">110718                             eng  </controlfield>
  <datafield tag="022" ind1="0" ind2="0">
   <subfield code="a">00393606</subfield>
  </datafield>
  <datafield tag="245" ind1="0" ind2="0">
   <subfield code="a">Surveyor : </subfield>
   <subfield code="b">vol. 197, No. 1, 2009.</subfield>
  </datafield>
  <datafield tag="260" ind1="0" ind2="0">
   <subfield code="a">London: </subfield>
   <subfield code="b">Hemming Group, </subfield>
   <subfield code="c">1990-.</subfield>
  </datafield>
  <datafield tag="300" ind1=" " ind2=" ">
   <subfield code="a">v.: </subfield>
   <subfield code="b">ill. (some col.), maps (some col.); </subfield>
   <subfield code="c">30 cm.</subfield>
  </datafield>
  <datafield tag="650" ind1="0" ind2="0">
   <subfield code="a">Surveying -- </subfield>
   <subfield code="x">Periodicals </subfield>
  </datafield>
  <datafield tag="901" ind1=" " ind2=" ">
   <subfield code="u">www.surveyormagazine.com</subfield>
  </datafield>
 </record>
</collection>
